000
00321nam a2200145Ia 4500
003
OSt
005
20230706135309.0
008
200302s9999 xx 000 0 und d
020
_a
9780141035796
100
_a
John Berger
245
_a
Ways of seeing
260
_b
Penguin Books Ltd.
260
_c
1972
300
_a
176 P.,
999
_c
4182
_d
4182